000 00368nam a22001697a 4500
005 20160621113010.0
008 160621b xxu||||| |||| 00| 0 eng d
020 _a81-203-0567-1
041 _aeng
082 _b8691
100 _aStill Richard R
_92372
245 _aSales Management
260 _bPHI
300 _a629
650 _aManagement
_9241
942 _cBK
999 _c3354
_d3353